Informácie o štúdiu na akademický rok ...

Bibliographic Details
Previous Title:Program štúdia na akademický rok ...
Corporate Author: Univerzita sv. Cyrila a Metoda v Trnave. Fakulta prírodných vied
Other Authors: Valentovičová, Dagmar, 1951- (Compiler), Janečková, Katarína (Compiler)
Format: Serial
Language:Slovak
PhysicalDescription:zv. 21 cm
Published: Trnava Univerzita sv. Cyrila a Metoda 2005-
ISBN:8089034977 (brož. : r. 2005/2006)
8089220282 (brož. : r. 2006/2007)
9788089220670 (brož. : r. 2007/2008)
9788081051623 (brož. : r. 2010/2011)
9788081050091 (brož. : r. 2008/2009)
9788081050985 (brož. : r. 2009/2010)
9788081052330 (brož. : r. 2011/2012)
Subjects:

MARC

LEADER 00000cas a2200000 a 4500
001 vtls008408197
003 SK-MaSNL
005 20260228160921.0
008 230919c20059999xo ar 0 b0slo
020 |a 8089034977 (brož. : r. 2005/2006) 
020 |a 8089220282 (brož. : r. 2006/2007) 
020 |a 9788089220670 (brož. : r. 2007/2008) 
020 |a 9788081051623 (brož. : r. 2010/2011) 
020 |a 9788081050091 (brož. : r. 2008/2009) 
020 |a 9788081050985 (brož. : r. 2009/2010) 
020 |a 9788081052330 (brož. : r. 2011/2012) 
040 |a SNK  |b slo  |c SNK  |e AACR2 
041 0 |a slo 
043 |a e-xo--- 
044 |a xo  |c SK 
072 7 |a 378  |x Vysoké školy  |2 konspekt 
080 |a (437.612)  |2 2011 
080 |a (036)  |2 2011 
080 |a (058)  |2 2011 
080 |a 37.091.3  |2 2011 
080 |a 5  |2 2011 
080 |a (073)  |2 2011 
110 2 |a Univerzita sv. Cyrila a Metoda v Trnave.  |b Fakulta prírodných vied  |9 124566 
245 1 0 |a Informácie o štúdiu na akademický rok ...  |c Univerzita sv. Cyrila a Metoda v Trnave, Fakulta prírodných vied 
246 1 3 |a Informácie o štúdiu - študijné programy na akademický rok ...  |f 2008/2009- 
246 1 8 |a Informácie o štúdiu ... 
260 |a Trnava  |b Univerzita sv. Cyrila a Metoda  |c 2005- 
300 |a zv.  |c 21 cm 
310 |a 1x ročne 
362 0 |a 2005/2006- 
500 |a Súčasťou názvu je označenie akademického roku 
500 |a Zost.: 2005/2006-2010/2011, Dagmar Valentovičová a Katarína Janečková ; 2011/2012, Katarína Janečková 
650 0 7 |a štúdium a výučba  |2 SNKPH  |9 3982 
650 0 7 |a prírodné vedy  |2 SNKPH  |9 694 
650 0 7 |a univerzity  |2 SNKPH  |9 22152 
650 0 7 |a Natural sciences  |2 SNKPHeng  |9 265288 
650 0 7 |a Study and teaching  |2 SNKPHeng  |9 265408 
650 0 7 |a Universities  |2 SNKPHeng  |9 265407 
651 7 |a Trnava (Slovensko)  |2 SNKPHgeo  |9 19407 
651 7 |a Trnava (Slovakia)  |2 SNKPHeng  |9 267592 
655 7 |a informačné publikácie  |2 SNKPH  |9 70181 
655 7 |a ročenky  |2 SNKPH  |9 57146 
655 7 |a študijné programy  |2 SNKPH  |9 265409 
655 7 |a Information publications  |2 SNKPHeng  |9 265188 
655 7 |a Yearbooks  |2 SNKPHeng  |9 120938 
655 7 |a Study programs  |2 SNKPHeng  |9 265536 
700 1 |a Valentovičová, Dagmar,  |d 1951-  |4 com  |9 207563 
700 1 |a Janečková, Katarína  |4 com  |9 266010 
780 0 0 |t Program štúdia na akademický rok ...  |w vtls008153715 
910 |a snk 
919 |a 80-89034-97-7 
919 |a 80-89220-28-2 
919 |a 978-80-89220-67-0 
919 |a 978-80-8105-162-3 
919 |a 978-80-8105-009-1 
919 |a 978-80-8105-098-5 
919 |a 978-80-8105-233-0 
999 |c 3905  |d 5835 
952 |0 0  |1 0  |4 0  |7 0  |8 0  |a SNK  |b SNK  |d 2005-11-08  |i snk2005/18805  |l 0  |o snkČSD 2339/2005-2006  |p 17A0477589  |r 2026-02-21 19:30:04  |w 2026-02-21  |y PREZ 
952 |0 0  |1 0  |4 0  |7 0  |8 1  |a SNK  |b SNK  |d 2023-09-18  |i snk2023/13257  |l 0  |o snkČSD 2339/2011-2012  |p 17A1520904  |r 2026-02-21 19:48:21  |w 2026-02-21  |y PREZ 
952 |0 0  |1 0  |4 0  |7 0  |8 1  |a SNK  |b SNK  |d 2023-09-18  |i snk2023/13258  |l 0  |o snkČSD 2339/2011-2012 D1  |p 17A1520905  |r 2026-02-21 19:48:21  |w 2026-02-21  |y PREZ 
952 |0 0  |1 0  |4 0  |7 0  |8 1  |a SNK  |b SNK  |d 2011-06-03  |i snk2011/12894  |l 0  |o snkČSD 2339/2008-2009  |p 17A1520877  |r 2026-02-21 19:57:36  |w 2026-02-21  |y PREZ 
952 |0 0  |1 0  |4 0  |7 0  |8 1  |a SNK  |b SNK  |d 2011-06-03  |i snk2011/12895  |l 0  |o snkČSD 2339/2008-2009 D1  |p 17A1520878  |r 2026-02-21 19:57:36  |w 2026-02-21  |y PREZ 
952 |0 0  |1 0  |4 0  |7 0  |8 1  |a SNK  |b SNK  |d 2011-06-03  |i snk2011/12896  |l 0  |o snkČSD 2339/2009-2010  |p 17A1520879  |r 2026-02-21 19:57:36  |w 2026-02-21  |y PREZ 
952 |0 0  |1 0  |4 0  |7 0  |8 0  |a SNK  |b SNK  |d 2006-11-06  |i snk2006/22775  |l 0  |o snkČSD 2339/2006-2007  |p 17A0524461  |r 2026-02-21 20:04:49  |w 2026-02-21  |y PREZ 
952 |0 0  |1 0  |4 0  |7 0  |8 0  |a SNK  |b SNK  |d 2006-11-06  |i snk2006/22776  |l 0  |o snkČSD 2339/2006-2007 D1  |p 17A0524462  |r 2026-02-21 20:04:49  |w 2026-02-21  |y PREZ 
952 |0 0  |1 0  |4 0  |7 0  |8 1  |a SNK  |b SNK  |d 2011-06-10  |i snk2011/13331  |l 0  |o snkČSD 2339/2010-2011  |p 17A0669271  |r 2026-02-21 20:06:21  |w 2026-02-21  |y PREZ 
952 |0 0  |1 0  |4 0  |7 0  |8 1  |a SNK  |b SNK  |d 2011-06-10  |i snk2011/13332  |l 0  |o snkČSD 2339/2010-2011 D1  |p 17A0669272  |r 2026-02-21 20:06:21  |w 2026-02-21  |y PREZ 
952 |0 0  |1 0  |4 0  |7 0  |8 1  |a SNK  |b SNK  |d 2011-06-09  |i snk2011/13261  |l 0  |o snkČSD 2339/2009-2010 D1  |p 17A1520880  |r 2026-02-21 20:06:25  |w 2026-02-21  |y PREZ 
952 |0 0  |1 0  |4 0  |7 0  |8 0  |a SNK  |b SNK  |d 2007-07-23  |i snk2007/17524  |l 0  |o snkČSD 2339/2007-2008  |p 17A0556049  |r 2026-02-21 20:28:08  |w 2026-02-21  |y PREZ 
952 |0 0  |1 0  |4 0  |7 0  |8 0  |a SNK  |b SNK  |d 2007-07-23  |i snk2007/17525  |l 0  |o snkČSD 2339/2007-2008 D1  |p 17A0556050  |r 2026-02-21 20:28:08  |w 2026-02-21  |y PREZ 
952 |0 0  |1 0  |4 0  |7 0  |8 0  |a SNK  |b SNK  |d 2005-11-08  |i snk2005/18806  |l 0  |o snkČSD 2339/2005-2006 D1  |p 17A0477590  |r 2026-02-21 21:31:50  |w 2026-02-21  |y PREZ